| 000 | 00587nam a2200205 a 4500 | ||
|---|---|---|---|
| 005 | 20210223120438.0 | ||
| 008 | 991125s1950 mx 000 0 spa u | ||
| 035 | _aUPN01000001383 | ||
| 049 | _aCG | ||
| 050 | 4 |
_aGR115 D8 _bA5.3 1952 |
|
| 100 | 1 | _aAntúnez, Francisco | |
| 245 | 1 | 4 |
_aLos alacranes en el folklore de Durango / _cpor Francisco Antúnez. |
| 250 | _a2a ed. | ||
| 260 |
_aAguascalientes : _bF. Antúnez, _c1950. |
||
| 300 | _a38 p. | ||
| 500 | _aDisponible en la Colección Medina | ||
| 650 | 4 |
_aFOLKLORE - _zDURANGO _920878 |
|
| 650 | 4 |
_aALACRANES _91987 |
|
| 905 | _aLibro | ||
| 999 |
_c1383 _d1383 |
||